|
|
|
|
| LEADER |
01078nam a2200301 4500 |
| 001 |
DLU130149892 |
| 005 |
##20130813 |
| 040 |
# |
# |
|a DLU
|b vie
|
| 041 |
# |
# |
|a vie
|
| 044 |
# |
# |
|a vn
|
| 082 |
# |
# |
|a 579.567 7
|b DO-L
|
| 100 |
# |
# |
|a Đỗ Thị Thiên Lý.
|
| 245 |
# |
# |
|a Nghiên cứu khu hệ nấm chi Isaria pers. tại khu vực núi Langbiang - tỉnh Lâm Đồng :
|b Tóm tắt luận văn Thạc sĩ Sinh học /
|c Đỗ Thị Thiên Lý; Trương Bình Nguyên, Lê Huyền Ái Thuý hướng dẫn.
|
| 260 |
# |
# |
|a Đà Lạt :
|b Trường Đại học Đà lạt,
|c 2012.
|
| 300 |
# |
# |
|a 24 tr. ;
|c 21 cm.
|
| 650 |
# |
# |
|a Nấm
|x Hình thái học.
|
| 700 |
# |
# |
|a Lê Huyền Ái Thuý,
|c TS.
|e hướng dẫn.
|
| 700 |
# |
# |
|a Trương Bình Nguyên,
|c TS.
|e hướng dẫn.
|
| 915 |
# |
# |
|a Sinh thái học
|c Thạc sĩ
|d Trường Đại học Đà lạt
|e Bộ Giáo dục và Đào tạo.
|
| 992 |
# |
# |
|a 0
|
| 994 |
# |
# |
|a DLU
|
| 900 |
# |
# |
|a True
|
| 911 |
# |
# |
|a Đào Thị Thu Huyền
|
| 925 |
# |
# |
|a G
|
| 926 |
# |
# |
|a A
|
| 927 |
# |
# |
|a LA
|
| 980 |
# |
# |
|a Thư viện Trường Đại học Đà Lạt
|